| 000 | 00584nam a2200241 a 4500 | ||
|---|---|---|---|
| 001 | nice12345678 | ||
| 003 | IN_TiNIC | ||
| 005 | 20260116011300.0 | ||
| 008 | 050524s1950 lona grp 000 0 eng | ||
| 020 |
_a _c100 |
||
| 082 | 0 | 0 |
_a270.1 _bSCH |
| 100 | _aSchmidt, K L | ||
| 245 | _aChurch | ||
| 260 |
_aLondon _bAdam and Charles Black _c1950 |
||
| 300 | _a69p | ||
| 500 | _aincludes index and biblioraphy | ||
| 505 | 2 | _aIndex of Words and References, Bibliography | |
| 650 | _aChurch-History | ||
| 700 | 1 | _aSchmidt, K L | |
| 902 | _bSRS | ||
| 942 | _cBK | ||
| 999 |
_c157 _d157 |
||